Diritto e filosofia nel XIX secolo: atti del seminario di studi
Guardat en:
| Autors principals: | , |
|---|---|
| Format: | Llibre |
| Idioma: | italià |
| Publicat: |
Milán
Dott. A. Giuffrè
2002
|
| Col·lecció: | Collana del Dipartimento di Scienze Giuridiche e della Facoltà di Giurisprudenza dell'Università di Modena e Reggio Emilia, 59
|
| Matèries: | |
| Etiquetes: |
Afegir etiqueta
Sense etiquetes, Sigues el primer a etiquetar aquest registre!
|
MARC
| LEADER | 00000nam a2200000 a 4500 | ||
|---|---|---|---|
| 001 | UCM9948 | ||
| 003 | CL-VaPUC | ||
| 005 | 20220111103922.0 | ||
| 008 | 030530e20020000it 1 ita d | ||
| 082 | 0 | 4 | |a 340.1 |b BEL |2 21 |
| 100 | 1 | |a Belvisi, Francesco |e author |9 620329 | |
| 700 | 1 | |a Cavina, Marco |e author |9 620330 | |
| 245 | 1 | 0 | |a Diritto e filosofia nel XIX secolo: atti del seminario di studi |
| 260 | |a Milán |b Dott. A. Giuffrè |c 2002 | ||
| 300 | |a 502 p | ||
| 490 | 0 | |a Collana del Dipartimento di Scienze Giuridiche e della Facoltà di Giurisprudenza dell'Università di Modena e Reggio Emilia, 59 | |
| 583 | |a last modification |c 20030530 00:00:00 |k Rodrigo Vera | ||
| 650 | 0 | 0 | |a Filosofía del derecho |9 255050 |
| 650 | 0 | 7 | |a DERECHO SIGLO 19 |2 CL-VaPUC |9 484045 |
| 650 | 0 | 0 | |a Pensamiento jurídico |9 255517 |
| 942 | |c BK | ||
| 945 | |a cmena |d 20030530 00:00:00 | ||
| 546 | |a En Italiano | ||
| 518 | |p Seminari di Studi Diritto e Filosofia nel XIX Secolo, Modena, 24 marzo 2000 | ||
| 999 | |c 383877 |d 383875 | ||
| 952 | |0 0 |1 0 |4 0 |6 340_100000000000000_BEL_2002 |7 0 |8 X |9 506194 |a BIBDER |b BIBDER |d 2020-01-23 |i 3905667 |o 340.1 BEL 2002 |p 3905667 |r 2023-01-25 |w 2020-01-23 |y BK_X |k DER | ||